| 000 | 00395nam a2200109Ia 4500 | ||
|---|---|---|---|
| 008 | 171212s9999 xx 000 0 und d | ||
| 020 | _a9781474412094 | ||
| 245 |
_ceditor Abraham Jacob Greenstine, ;Ryan J. Johnson, _aContemporary Encounters with Ancient Metaphysics |
||
| 260 |
_bEdinburgh University Press _c2017 |
||
| 650 | _aPhilosophy | ||
| 856 | _uhttp://jstor.org/stable/10.3366/j.ctt1g050w8 | ||
| 999 |
_c351465 _d351465 |
||